MEDICINAL AND PHARMACEUTICAL CHEMISTRY (Record no. 7940)

MARC details
000 -LEADER
fixed length control field 00455nam a22001697a 4500
005 - DATE AND TIME OF LATEST TRANSACTION
control field 20230117105611.0
008 - FIXED-LENGTH DATA ELEMENTS--GENERAL INFORMATION
fixed length control field 220215b ||||| |||| 00| 0 eng d
020 ## - INTERNATIONAL STANDARD BOOK NUMBER
ISBN 978818573177
041 ## - LANGUAGE CODE
Language code of text/sound track or separate title eng
082 ## - DEWEY DECIMAL CLASSIFICATION NUMBER
Classification number 615.19
Item number SIN-M
100 ## - MAIN ENTRY--AUTHOR NAME
Personal name SINGH , HARKISHAN AND KAPOOR , V.K
245 ## - TITLE STATEMENT
Title MEDICINAL AND PHARMACEUTICAL CHEMISTRY
260 ## - PUBLICATION, DISTRIBUTION, ETC. (IMPRINT)
Place of publication DELHI
Name of publisher VALLABH PRAKASHAN
300 ## - PHYSICAL DESCRIPTION
Number of Pages 854; P.
650 ## - SUBJECT ADDED ENTRY--TOPICAL TERM
Topical Term PHARMACY
General subdivision B.PHARMA
942 ## - ADDED ENTRY ELEMENTS (KOHA)
Koha item type Books
Holdings
Lost status Damaged status Collection code Home library Current library Shelving location Date acquired Source of acquisition Full call number Accession Number Koha item type
    PHARMACY JRU Library JRU Library SHELF-18-C 15/02/2022 PURCHASE 615.19 26495 Books
    PHARMACY JRU Library JRU Library SHELF-20-C 15/02/2022   615.19 26496 Books